Countries with Red On Its Flag - Statistics

General Stats
  • This quiz has been taken 50 times
  • The average score is 119 of 154
Answer Stats
# Country % Correct
24 Canada
97%
29 China
97%
66 Japan
94%
113 Russia
94%
146 United States
94%
4 Andorra
90%
7 Armenia
90%
8 Australia
90%
9 Austria
90%
38 Denmark
90%
102 Norway
90%
109 Poland
90%
140 Turkey
90%
145 United Kingdom
90%
11 Bahrain
87%
36 Cuba
87%
32 Democratic Republic of the Congo
87%
50 France
87%
68 Kenya
87%
99 New Zealand
87%
33 Republic of the Congo
87%
123 South Korea
87%
151 Vietnam
87%
1 Afghanistan
84%
2 Albania
84%
12 Bangladesh
84%
22 Cambodia
84%
26 Central African Republic
84%
44 Egypt
84%
52 Georgia
84%
54 Ghana
84%
60 Hungary
84%
63 Iran
84%
72 Laos
84%
74 Lebanon
84%
101 North Korea
84%
124 South Sudan
84%
129 Sudan
84%
135 Thailand
84%
5 Angola
81%
10 Azerbaijan
81%
15 Belize
81%
35 Croatia
81%
37 Czech Republic
81%
56 Guinea
81%
61 Iceland
81%
62 Indonesia
81%
64 Iraq
81%
67 Jordan
81%
73 Latvia
81%
79 Luxembourg
81%
80 Macedonia
81%
81 Madagascar
81%
91 Mongolia
81%
93 Morocco
81%
94 Mozambique
81%
98 Netherlands
81%
112 Romania
81%
120 Slovakia
81%
121 Slovenia
81%
125 Spain
81%
131 Switzerland
81%
144 United Arab Emirates
81%
154 Zimbabwe
81%
3 Algeria
77%
13 Belarus
77%
14 Belgium
77%
16 Benin
77%
17 Bolivia
77%
27 Chad
77%
28 Chile
77%
40 Dominica
77%
42 East Timor
77%
47 Eritrea
77%
48 Ethiopia
77%
57 Guinea Bissau
77%
59 Haiti
77%
70 Kuwait
77%
71 Kyrgyzstan
77%
75 Liberia
77%
76 Libya
77%
78 Lithuania
77%
86 Malta
77%
89 Moldova
77%
103 Oman
77%
104 Panama
77%
110 Portugal
77%
111 Qatar
77%
117 Serbia
77%
122 South Africa
77%
19 Bulgaria
74%
23 Cameroon
74%
30 Colombia
74%
39 Djibouti
74%
41 Dominican Republic
74%
49 Fiji
74%
51 Gambia
74%
53 Germany
74%
65 Italy
74%
77 Liechtenstein
74%
82 Malawi
74%
83 Malaysia
74%
84 Maldives
74%
85 Mali
74%
87 Mauritius
74%
88 Mexico
74%
92 Montenegro
74%
105 Papua New Guinea
74%
106 Paraguay
74%
107 Peru
74%
108 Philippines
74%
119 Singapore
74%
130 Swaziland
74%
134 Taiwan
74%
141 Turkmenistan
74%
152 Yemen
74%
153 Zambia
74%
6 Antigua and Barbuda
71%
18 Brunei
71%
25 Cape Verde
71%
31 Comoros
71%
34 Costa Rica
71%
46 Equatorial Guinea
71%
55 Grenada
71%
90 Monaco
71%
95 Myanmar
71%
96 Namibia
71%
128 St Kitts and Nevis
71%
133 Tajikistan
71%
136 Togo
71%
137 Tonga
71%
143 Uganda
71%
147 Uzbekistan
71%
150 Venezuela
71%
69 Kiribati
68%
97 Nepal
68%
114 Sao Tome and Principe
68%
118 Seychelles
68%
127 Suriname
68%
139 Tunisia
68%
21 Burundi
65%
43 Ecuador
65%
116 Senegal
65%
132 Syria
65%
20 Burkina Faso
61%
45 El Salvador
61%
58 Guyana
61%
115 Samoa
61%
126 Sri Lanka
61%
138 Trinidad and Tobago
61%
148 Vanuatu
61%
149 Vatican City
58%
142 Tuvalu
55%
100 Nicaragua
39%
No matching quizzes found
Score Distribution
Percent of People with Each Score
Percentile by Number Answered
Your Score History
You have not taken this quiz